Lou LaurinLam (Record no. 10829)

MARC details
000 - LÍDER
campo de control de longitud fija 00916nam a2200193Ia 4500
008 - ELEMENTOS DE DATOS DE LONGITUD FIJA - INFORMACIÓN GENERAL
campo de control de longitud fija 000000[1991?] sw ad 0000000000mul00
090 ## - NÚMERO DE LLAMADA DE TIPO LC LOCALMENTE ASIGNADO (OCLC)
Número de clasificación (OCLC) (R) PSW00 L68l1
245 10 - TÍTULO DECLARACIÓN
Título Lou LaurinLam
260 ## - PUBLICACIÓN, DISTRIBUCIÓN
Lugar de publicación Helsingborg (Suecia) : Galleri G
Fecha de publicación 1991
300 ## - DESCRIPCIÓN FÍSICA
Alcance 18 p.
Dimensiones / 29 cm.
500 ## - NOTA GENERAL
Nota general Título tomado de la carátula \ Incluye cronología del artista \ Texto bilingue : sueco inglés \ Registro auspiciado por la FGAA. Bogotá
505 ## - NOTA DE CONTENIDO FORMATEADA
Nota sobre el contenido formateado OBRAS : Ying and yang La prince des penseurs, hommage á Pierre Brisset Le macho, Grenouille Nácken Hásten Tre drunknande prinsessor The dancing princess La trinité Den svenska ensamheten Virginia Woolf Till bords Ugoline
600 00 - ENTRADA DE SUJETO AÑADIDO - NOMBRE PERSONAL
Nombre de la persona LAURIN LAM, LOU, 1934/
Subdivisión general TRABAJOS PICTORICOS
650 14 - ENTRADA DE SUJETO AÑADIDO - TÉRMINO TÓPICO
Término tópico o elemento de entrada del nombre geográfico ARTE CONTEMPORANEO SUECO
650 14 - ENTRADA DE SUJETO AÑADIDO - TÉRMINO TÓPICO
Término tópico o elemento de entrada del nombre geográfico ARTISTAS PLASTICOS SUECOS
650 14 - ENTRADA DE SUJETO AÑADIDO - TÉRMINO TÓPICO
Subdivisión general CATALOGOS
650 14 - ENTRADA DE SUJETO AÑADIDO - TÉRMINO TÓPICO
Término tópico o elemento de entrada del nombre geográfico PINTORES SUECOS
650 14 - ENTRADA DE SUJETO AÑADIDO - TÉRMINO TÓPICO
Término tópico o elemento de entrada del nombre geográfico PINTURA SUECA
Holdings
Estado de retirada Pérdida de estatus Estado dañado No para préstamo Código de recogida Ubicación permanente Ubicación actual Ubicación de las estanterías Fecha de adquisición Número de llamada completo Código de barras Fecha de la última vez que se vio Número de copia Precio efectivo desde Tipo de artículo Koha
        General ArtNexus ArtNexus General 06/09/2022 P-SW-00 L68L1 10929 06/09/2022 Ej.1 06/09/2022 Libro

Powered by Koha